All 50k+ Cities in El Salvador with a Map - Statistics

General Stats
  • This quiz has been taken 732 times
  • The average score is 5 of 16
Answers on the Map
Answers color-coded by a green-red scale on the quiz's map according to % correct below.
 
Answer Stats
Population City % Correct
316,090 San Salvador
98%
204,340 Santa Ana
58%
158,136 San Miguel
54%
108,840 Santa Tecla
33%
63,981 Ahuachapán
31%
51,496 Usulután
30%
241,403 Soyapango
29%
140,751 Mejicanos
28%
131,286 Apopa
27%
103,862 Ilopango
26%
91,212 Colón
22%
112,161 Delgado
20%
63,209 San Marcos
20%
78,158 Tonacatepeque
16%
66,004 San Martín
13%
66,400 Cuscatancingo
10%
No matching quizzes found
Score Distribution
Percent of People with Each Score
Percentile by Number Answered
Your Score History
You have not taken this quiz